000 00332nam a2200145Ia 4500
008 230718s9999 xx 000 0 und d
041 _aEng.
082 _a968
_bASK-C
100 _aAskari, Hasan Prof
245 0 _aCriminal Procedure
260 _aPakistan
_bAsia Law House
_c2017
300 _a594
650 _aLaw
999 _c31360
_d31360